00609 2200217 4500001002100000005001700021008004100038035002400079082001200103090002400115100002800139245005300167260004000220300002500260500003100285650002500316850001500341980001400356985000600370999001500376YOGYA-0209000002675620090227024102.0 ind  0010-020900000026756 a959.823 a959.823bPur KlYOG aPURWOKUSUMO, Sudarisman aKadipaten PakualamancSoedarisman Poerwokoesoemo aYogyakartabGadjah Mada Pressc1985 axvii, 362 hlmc21 cm aBibliografi : hlm. 361-362 aYogyakarta - Sejarah aYOPDYOG(M) a24-2-2007 a1 a06A0021951